El humanismo del Che y los senderos de la revolución

Bibliographic Details
Main Author: Nuñez Soto, Orlando
Format: Section = Libro
Language:Undetermined
Spanish
Published: Managua Servinsa 1997
Subjects:
LEADER 00457nam a2200169Ia 4500
008 240829s9999 xx 000 0 und d
040 |a BIBLIOTECA-RUSB/ 923.2 N973 
041 |a spa 
082 |a 923.2 N973 
100 1 |a Nuñez Soto, Orlando 
245 1 0 |a El humanismo del Che y los senderos de la revolución 
260 |a Managua  |b Servinsa  |c 1997 
300 |a 133 p. :il. 
650 7 |a GERRILLAS - AMERICA LATINA 
942 |c BK  |2 ddc 
991 |a TEXTO 
999 |c 5542